000 00290nam a22001337a 4500
008 180123b xxu||||| |||| 00| 0 eng d
020 _a9780312533007
041 _aeng
080 _a37
100 _a49
101 _aedu
245 _aRESEARCHER THE BEDFORD
_cNIKE.P
942 _2udc
_cBK
999 _c40785
_d40785